| 000 | 01190nab a22002657a 4500 | ||
|---|---|---|---|
| 001 | 768714001 | ||
| 003 | CO-MdFUSB | ||
| 005 | 20230111171752.0 | ||
| 008 | 171006s2016 gt ||||| |||| 00| 0 spa d | ||
| 022 | _a1014-9341 | ||
| 040 |
_aCO-MdFUSB _bspa _cCO-MdFUSB _dCO-MdFUSB |
||
| 041 | _aspa | ||
| 100 |
_aAlfaro González, Gerardo A. _eautor |
||
| 245 |
_aJesús y el abandono de Dios en Marcos 1-8 _c/ Gerardo A. Alfaro González |
||
| 300 |
_aNúmero 58-59 (Enero - Diciembre, 2016), páginas 107-133 _c; 22 cm |
||
| 520 | 1 | _aUna lectura literaria de Marcos 1-8 muestra una profunda unidad en cuanto a propósito e identidad entre Dios y Jesús y la estrecha relación entre los temas de sufrimiento y resurrección. Esta información contextual será valiosa a la hora de interpretar el grito de Jesús en la cruz: "Dios mío, Dios mío, ¿por qué me has desamparado". | |
| 650 | 7 |
_9418 _aHermenéutica |
|
| 653 | _aIdentidad de Jesús | ||
| 653 | _aAbandono de Jesús | ||
| 653 | _aSufrimiento | ||
| 653 | _aCrucifixión | ||
| 653 | _aResurrección | ||
| 773 |
_049489 _976153 _gNúmero 58-59 (Enero - Diciembre, 2016), páginas 107-133 _qPágina 107 _tKairós |
||
| 942 | _cANA | ||
| 999 |
_c64063 _d64063 |
||